Tradície vzájomných vzťahov Čechov a Slovákov

Bibliographic Details
Main Author: Gosiorovský, Miloš, 1920-1978 (Author)
Format: Article
Language:Slovak
Subjects:

MARC

LEADER 00000nab a2200000 a 4500
001 vtls000002728
003 SK-MaSNL
005 20260305043705.0
008 111103c1978 xo 0 slo
015 |a SNBRB19rr/mm-uuuuu 
035 |a CL0012820 
040 |a SNKBUCL  |b slo  |c SNKBUCL  |e AACR2 
041 0 |a slo 
044 |a xo  |c SK 
080 |a 323.1  |2 1981 
100 1 |a Gosiorovský, Miloš,  |d 1920-1978  |4 aut  |9 106874 
245 1 0 |a Tradície vzájomných vzťahov Čechov a Slovákov  |c Miloš Gosiorovský 
650 0 7 |a Česi  |2 snkbucl  |9 24818 
650 0 7 |a Slováci  |2 snkbucl  |9 22552 
655 7 |a články z novín a časopisov  |2 snkbucl  |9 267496 
773 0 |t Pravda  |g Roč. 59, č. 170 (21. 7. 1978), s. 3 
850 |a Slovenská národná knižnica v Martine  |a MTA001 
852 |a SNK  |b KIS3GCP 
958 |a RK 
992 |a RBX 
999 |c 3354688  |d 3356618